[Event "World Chess Olympiad 2018"]
[Site "Batumi"]
[Date "2018.09.30"]
[Round "6"]
[Board "3"]
[WhiteFideId "4650891"]
[White "Naiditsch Arkadij"]
[BlackFideId "300071"]
[Black "Hracek Zbynek"]
[Result "1-0"]
[LiveChessVersion "1.4.8"]
[BlackElo "2557"]
[WhiteElo "2721"]

1. d4 {[%clk 1:30:55]} Nf6 {[%clk 1:30:49]} 2. c4 {[%clk 1:31:19]} e6
{[%clk 1:31:01]} 3. g3 {[%clk 1:31:42]} d5 {[%clk 1:29:50]} 4. Nf3
{[%clk 1:32:01]} Be7 {[%clk 1:30:11]} 5. Bg2 {[%clk 1:32:23]} O-O
{[%clk 1:30:36]} 6. O-O {[%clk 1:32:44]} dxc4 {[%clk 1:31:03]} 7. Qc2
{[%clk 1:32:55]} a6 {[%clk 1:31:29]} 8. a4 {[%clk 1:33:00]} Bd7 {[%clk 1:31:19]}
9. Bg5 {[%clk 1:33:01]} Bc6 {[%clk 1:30:05]} 10. Rd1 {[%clk 1:32:44]} Nbd7
{[%clk 1:25:37]} 11. Nbd2 {[%clk 1:26:46]} h6 {[%clk 1:23:12]} 12. Bxf6
{[%clk 1:27:06]} Nxf6 {[%clk 1:23:35]} 13. Nxc4 {[%clk 1:26:42]} a5
{[%clk 1:15:10]} 14. Nfe5 {[%clk 1:26:28]} Bd5 {[%clk 1:06:43]} 15. e4
{[%clk 1:10:40]} Bxc4 {[%clk 1:07:07]} 16. Nxc4 {[%clk 1:09:16]} c6
{[%clk 1:00:17]} 17. h4 {[%clk 1:09:10]} h5 {[%clk 0:50:54]} 18. Qb3
{[%clk 1:01:45]} Rb8 {[%clk 0:47:39]} 19. Ne5 {[%clk 0:58:25]} Nd7
{[%clk 0:42:22]} 20. Nd3 {[%clk 0:57:07]} Qb6 {[%clk 0:41:09]} 21. Qc2
{[%clk 0:46:50]} Rfd8 {[%clk 0:37:16]} 22. Nf4 {[%clk 0:44:36]} g6
{[%clk 0:36:59]} 23. e5 {[%clk 0:41:13]} Nf8 {[%clk 0:36:10]} 24. Ne2
{[%clk 0:41:20]} Rd7 {[%clk 0:33:15]} 25. Rd3 {[%clk 0:38:28]} Rbd8
{[%clk 0:33:07]} 26. Rad1 {[%clk 0:38:37]} Qc7 {[%clk 0:30:04]} 27. Nc3
{[%clk 0:35:23]} Qb6 {[%clk 0:29:24]} 28. Qd2 {[%clk 0:34:55]} Nh7
{[%clk 0:25:25]} 29. Ne2 {[%clk 0:25:18]} Bf8 {[%clk 0:23:49]} 30. b3
{[%clk 0:21:36]} Qb4 {[%clk 0:20:28]} 31. Qe3 {[%clk 0:21:06]} Bg7
{[%clk 0:18:47]} 32. Kh2 {[%clk 0:12:03]} Nf8 {[%clk 0:17:59]} 33. Nc3
{[%clk 0:09:36]} Rc7 {[%clk 0:13:42]} 34. Ne4 {[%clk 0:09:33]} Nd7
{[%clk 0:13:31]} 35. g4 {[%clk 0:07:02]} Qe7 {[%clk 0:09:46]} 36. Qg3
{[%clk 0:06:08]} hxg4 {[%clk 0:07:58]} 37. Qxg4 {[%clk 0:06:33]} c5
{[%clk 0:04:18]} 38. dxc5 {[%clk 0:03:05]} Rf8 {[%clk 0:03:13]} 39. f4
{[%clk 0:02:31]} Nxc5 {[%clk 0:03:36]} 40. Nxc5 {[%clk 0:32:36]} Qxc5
{[%clk 0:33:46]} 41. h5 {[%clk 0:31:20]} gxh5 {[%clk 0:31:14]} 42. Qxh5
{[%clk 0:29:52]} f6 {[%clk 0:30:15]} 43. Rh3 {[%clk 0:27:24]} Qe7
{[%clk 0:22:46]} 44. Rg1 {[%clk 0:23:38]} Qb4 {[%clk 0:17:54]} 45. Bf3
{[%clk 0:20:41]} 1-0

[Event "World Chess Olympiad 2018"]
[Site "Batumi"]
[Date "2018.09.30"]
[Round "6"]
[Board "4"]
[WhiteFideId "304760"]
[White "Stocek Jiri"]
[BlackFideId "13401653"]
[Black "Mamedov Rauf"]
[Result "1/2-1/2"]
[LiveChessVersion "1.4.8"]
[BlackElo "2699"]
[WhiteElo "2574"]

1. d4 {[%clk 1:30:40]} d5 {[%clk 1:30:57]} 2. c4 {[%clk 1:30:41]} c6
{[%clk 1:31:25]} 3. Nf3 {[%clk 1:29:36]} Nf6 {[%clk 1:31:48]} 4. Nc3
{[%clk 1:28:43]} dxc4 {[%clk 1:32:14]} 5. a4 {[%clk 1:28:41]} Bf5
{[%clk 1:32:41]} 6. e3 {[%clk 1:27:54]} e6 {[%clk 1:32:38]} 7. Bxc4
{[%clk 1:28:05]} Nbd7 {[%clk 1:32:47]} 8. O-O {[%clk 1:26:39]} Bb4
{[%clk 1:33:10]} 9. Qe2 {[%clk 1:25:28]} O-O {[%clk 1:33:16]} 10. e4
{[%clk 1:24:10]} Bg6 {[%clk 1:33:42]} 11. Bd3 {[%clk 1:23:30]} Bh5
{[%clk 1:30:49]} 12. e5 {[%clk 1:19:57]} Nd5 {[%clk 1:31:12]} 13. Nxd5
{[%clk 1:20:04]} cxd5 {[%clk 1:31:37]} 14. Qe3 {[%clk 1:20:12]} Be7
{[%clk 1:32:02]} 15. Bd2 {[%clk 1:19:00]} Nb8 {[%clk 1:16:37]} 16. Bc3
{[%clk 1:05:45]} Nc6 {[%clk 1:12:20]} 17. Ne1 {[%clk 1:05:03]} Qe8
{[%clk 1:01:41]} 18. Nc2 {[%clk 1:00:28]} Bg6 {[%clk 0:58:21]} 19. f4
{[%clk 0:44:19]} Bxd3 {[%clk 0:53:22]} 20. Qxd3 {[%clk 0:42:55]} f5
{[%clk 0:53:30]} 21. Bd2 {[%clk 0:33:49]} a5 {[%clk 0:50:24]} 22. Rac1
{[%clk 0:28:24]} Kh8 {[%clk 0:40:09]} 23. Ne1 {[%clk 0:26:03]} Ra6
{[%clk 0:30:55]} 24. Nf3 {[%clk 0:23:45]} Rb6 {[%clk 0:30:38]} 25. b3
{[%clk 0:20:34]} h6 {[%clk 0:30:54]} 26. h3 {[%clk 0:17:54]} Qh5 {[%clk 0:28:12]}
27. Nh2 {[%clk 0:15:57]} Kh7 {[%clk 0:22:55]} 28. Rcd1 {[%clk 0:05:14]} Rc8
{[%clk 0:15:36]} 29. Nf3 {[%clk 0:04:23]} Kh8 {[%clk 0:14:57]} 30. Kf2
{[%clk 0:03:51]} Qf7 {[%clk 0:06:55]} 31. Rc1 {[%clk 0:03:33]} Rg8
{[%clk 0:06:46]} 32. g4 {[%clk 0:03:09]} g6 {[%clk 0:05:28]} 33. Rg1
{[%clk 0:03:10]} Qh7 {[%clk 0:03:54]} 34. Ke2 {[%clk 0:02:45]} Rf8
{[%clk 0:03:23]} 35. h4 {[%clk 0:02:44]} Qf7 {[%clk 0:01:44]} 36. Rg2
{[%clk 0:01:53]} Rg8 {[%clk 0:01:01]} 37. Rcg1 {[%clk 0:02:04]} Nb4
{[%clk 0:00:37]} 38. Bxb4 {[%clk 0:02:08]} Bxb4 {[%clk 0:01:05]} 39. gxf5
{[%clk 0:02:15]} exf5 {[%clk 0:01:32]} 40. Rc1 {[%clk 0:31:29]} Qd7
{[%clk 0:31:16]} 41. Kf1 {[%clk 0:16:56]} Rc8 {[%clk 0:24:48]} 42. Rgc2
{[%clk 0:15:00]} Rbc6 {[%clk 0:25:08]} 43. Ke2 {[%clk 0:13:42]} h5
{[%clk 0:19:38]} 44. Rxc6 {[%clk 0:09:19]} 1/2-1/2

[Event "World Chess Olympiad 2018"]
[Site "Batumi"]
[Date "2018.09.30"]
[Round "6"]
[Board "2"]
[WhiteFideId "14102951"]
[White "Eljanov Pavel"]
[BlackFideId "1118358"]
[Black "Wojtaszek Radoslaw"]
[Result "1/2-1/2"]
[LiveChessVersion "1.4.8"]
[BlackElo "2727"]
[WhiteElo "2703"]

1. Nf3 {[%clk 1:30:54]} d5 {[%clk 1:30:56]} 2. g3 {[%clk 1:31:18]} c5
{[%clk 1:31:07]} 3. Bg2 {[%clk 1:31:26]} Nf6 {[%clk 1:31:31]} 4. O-O
{[%clk 1:31:46]} Nc6 {[%clk 1:31:57]} 5. d4 {[%clk 1:32:03]} e6 {[%clk 1:32:22]}
6. c4 {[%clk 1:31:30]} dxc4 {[%clk 1:32:47]} 7. Qa4 {[%clk 1:31:20]} Bd7
{[%clk 1:33:10]} 8. dxc5 {[%clk 1:31:33]} Bxc5 {[%clk 1:33:35]} 9. Qxc4
{[%clk 1:31:50]} Be7 {[%clk 1:34:00]} 10. Nc3 {[%clk 1:31:53]} O-O
{[%clk 1:34:23]} 11. e4 {[%clk 1:31:19]} Qa5 {[%clk 1:34:40]} 12. Rd1
{[%clk 1:27:32]} Rad8 {[%clk 1:33:14]} 13. Qe2 {[%clk 1:11:57]} Bc8
{[%clk 1:23:50]} 14. Bd2 {[%clk 1:10:38]} Qh5 {[%clk 1:21:17]} 15. e5
{[%clk 0:44:06]} Nd7 {[%clk 1:03:14]} 16. Bf4 {[%clk 0:44:19]} g5
{[%clk 1:03:37]} 17. Nxg5 {[%clk 0:44:12]} Qxe2 {[%clk 1:03:59]} 18. Nxe2
{[%clk 0:44:38]} Ndxe5 {[%clk 1:04:22]} 19. Ne4 {[%clk 0:19:38]} Rxd1+
{[%clk 0:55:26]} 20. Rxd1 {[%clk 0:20:05]} f5 {[%clk 0:55:50]} 21. N4c3
{[%clk 0:19:40]} Rd8 {[%clk 0:55:09]} 22. Rxd8+ {[%clk 0:19:45]} Bxd8
{[%clk 0:55:35]} 23. Nd4 {[%clk 0:18:28]} Bf6 {[%clk 0:50:33]} 24. Nxc6
{[%clk 0:18:21]} Nxc6 {[%clk 0:50:59]} 25. Be3 {[%clk 0:17:34]} Nd4
{[%clk 0:49:23]} 26. b3 {[%clk 0:12:03]} Kf8 {[%clk 0:43:31]} 27. h3
{[%clk 0:09:47]} Ke7 {[%clk 0:26:00]} 28. g4 {[%clk 0:09:34]} Nxb3
{[%clk 0:26:08]} 29. Nb5 {[%clk 0:06:46]} Bd7 {[%clk 0:26:29]} 30. axb3
{[%clk 0:01:51]} Bxb5 {[%clk 0:26:54]} 31. Bxb7 {[%clk 0:01:00]} a5
{[%clk 0:25:07]} 32. gxf5 {[%clk 0:01:14]} exf5 {[%clk 0:24:32]} 33. Bc8
{[%clk 0:01:34]} Bd7 {[%clk 0:21:42]} 34. Bxd7 {[%clk 0:01:54]} Kxd7
{[%clk 0:22:09]} 35. Bd2 {[%clk 0:02:15]} Bd8 {[%clk 0:22:33]} 36. Kf1
{[%clk 0:02:33]} Ke6 {[%clk 0:22:46]} 37. Ke2 {[%clk 0:02:56]} Kd5
{[%clk 0:22:57]} 38. Kd3 {[%clk 0:03:21]} Bb6 {[%clk 0:23:01]} 39. f3
{[%clk 0:03:36]} Bc7 {[%clk 0:22:45]} 40. Bc3 {[%clk 0:31:00]} Bd8
{[%clk 0:52:59]} 41. Bd2 {[%clk 0:22:22]} 1/2-1/2

[Event "World Chess Olympiad 2018"]
[Site "Batumi"]
[Date "2018.09.30"]
[Round "6"]
[Board "3"]
[WhiteFideId "1130420"]
[White "Piorun Kacper"]
[BlackFideId "14109182"]
[Black "Kryvoruchko Yuriy"]
[Result "1/2-1/2"]
[LiveChessVersion "1.4.8"]
[BlackElo "2695"]
[WhiteElo "2612"]

1. d4 {[%clk 1:30:57]} Nf6 {[%clk 1:30:52]} 2. c4 {[%clk 1:31:20]} e6
{[%clk 1:31:16]} 3. g3 {[%clk 1:31:29]} d5 {[%clk 1:30:40]} 4. Nf3
{[%clk 1:31:19]} Be7 {[%clk 1:29:03]} 5. Bg2 {[%clk 1:31:40]} O-O
{[%clk 1:29:26]} 6. O-O {[%clk 1:32:04]} dxc4 {[%clk 1:29:26]} 7. Ne5
{[%clk 1:32:11]} Nc6 {[%clk 1:29:37]} 8. Bxc6 {[%clk 1:31:43]} bxc6
{[%clk 1:30:04]} 9. Nxc6 {[%clk 1:32:04]} Qe8 {[%clk 1:30:31]} 10. Nxe7+
{[%clk 1:32:23]} Qxe7 {[%clk 1:30:57]} 11. Qc2 {[%clk 1:32:45]} c5
{[%clk 1:30:45]} 12. Qxc4 {[%clk 1:32:45]} cxd4 {[%clk 1:31:00]} 13. Qxd4
{[%clk 1:33:09]} e5 {[%clk 1:31:22]} 14. Qh4 {[%clk 1:33:24]} Qb7
{[%clk 1:29:10]} 15. Nc3 {[%clk 1:32:09]} Nd5 {[%clk 1:17:50]} 16. Ne4
{[%clk 1:07:43]} Qa6 {[%clk 1:12:25]} 17. Rd1 {[%clk 1:02:57]} Bb7
{[%clk 0:41:13]} 18. Nc5 {[%clk 1:02:14]} Qc6 {[%clk 0:35:08]} 19. Nxb7
{[%clk 1:02:33]} Qxb7 {[%clk 0:35:36]} 20. Qe4 {[%clk 0:54:09]} Rad8
{[%clk 0:36:01]} 21. Rd3 {[%clk 0:53:04]} Qb4 {[%clk 0:28:56]} 22. Qxb4
{[%clk 0:47:22]} Nxb4 {[%clk 0:29:23]} 23. Rd2 {[%clk 0:44:26]} f6
{[%clk 0:26:05]} 24. a3 {[%clk 0:44:01]} Nc6 {[%clk 0:25:40]} 25. b4
{[%clk 0:42:14]} Nd4 {[%clk 0:20:11]} 26. Kg2 {[%clk 0:35:46]} a5
{[%clk 0:18:11]} 27. bxa5 {[%clk 0:33:49]} Nb3 {[%clk 0:13:27]} 28. Rxd8
{[%clk 0:33:51]} Rxd8 {[%clk 0:13:56]} 29. Rb1 {[%clk 0:34:14]} Nxa5
{[%clk 0:13:54]} 30. Be3 {[%clk 0:30:31]} Rc8 {[%clk 0:14:20]} 31. Bd2
{[%clk 0:27:41]} Ra8 {[%clk 0:14:42]} 32. Bb4 {[%clk 0:25:32]} Nc6
{[%clk 0:15:08]} 33. Bc5 {[%clk 0:25:36]} Ra5 {[%clk 0:15:34]} 34. Rc1
{[%clk 0:23:38]} Ra6 {[%clk 0:15:59]} 35. Kf3 {[%clk 0:19:49]} Kf7
{[%clk 0:16:28]} 36. Rc4 {[%clk 0:18:02]} Ke6 {[%clk 0:16:31]} 37. e4
{[%clk 0:17:37]} Ra8 {[%clk 0:15:47]} 38. Ke3 {[%clk 0:16:42]} Rb8
{[%clk 0:16:06]} 39. Rc3 {[%clk 0:15:13]} Rb2 {[%clk 0:12:59]} 40. Rd3
{[%clk 0:44:39]} Kf7 {[%clk 0:41:45]} 41. Rd7+ {[%clk 0:30:46]} Kg8
{[%clk 0:41:58]} 42. Kd3 {[%clk 0:22:18]} Nd4 {[%clk 0:39:53]} 43. Bxd4
{[%clk 0:22:15]} exd4 {[%clk 0:40:19]} 44. a4 {[%clk 0:22:26]} Rxf2
{[%clk 0:39:54]} 45. Rxd4 {[%clk 0:22:43]} Rxh2 {[%clk 0:34:15]} 46. Kc4
{[%clk 0:22:19]} Kf7 {[%clk 0:32:50]} 47. a5 {[%clk 0:21:28]} Ke6
{[%clk 0:27:39]} 48. a6 {[%clk 0:13:12]} Ke5 {[%clk 0:28:05]} 49. Kb3
{[%clk 0:08:26]} Kxd4 {[%clk 0:28:25]} 50. a7 {[%clk 0:08:52]} Rh3
{[%clk 0:24:20]} 51. a8=Q {[%clk 0:09:08]} Rxg3+ {[%clk 0:24:47]} 52. Kc2
{[%clk 0:09:02]} Rg5 {[%clk 0:25:07]} 53. Kd2 {[%clk 0:08:21]} Ke5
{[%clk 0:24:25]} 54. Qc6 {[%clk 0:08:17]} Kf4 {[%clk 0:24:33]} 55. Kd3
{[%clk 0:05:38]} h5 {[%clk 0:22:11]} 56. Qd6+ {[%clk 0:05:08]} Kg4
{[%clk 0:21:48]} 57. e5 {[%clk 0:04:33]} fxe5 {[%clk 0:13:25]} 58. Ke4
{[%clk 0:04:03]} Kh3 {[%clk 0:13:42]} 59. Qd3+ {[%clk 0:02:38]} Rg3
{[%clk 0:10:31]} 60. Qf1+ {[%clk 0:03:02]} Kh4 {[%clk 0:10:31]} 61. Qe1
{[%clk 0:01:14]} Kh3 {[%clk 0:08:22]} 62. Qh1+ {[%clk 0:01:01]} Kg4
{[%clk 0:08:50]} 63. Qc1 {[%clk 0:00:49]} h4 {[%clk 0:03:42]} 64. Qc8+
{[%clk 0:01:06]} Kg5 {[%clk 0:03:53]} 65. Qh8 {[%clk 0:00:39]} g6
{[%clk 0:02:17]} 66. Qxe5+ {[%clk 0:01:03]} Kh6 {[%clk 0:02:24]} 67. Qf6
{[%clk 0:00:48]} Kh5 {[%clk 0:02:39]} 68. Qh8+ {[%clk 0:00:34]} Kg5
{[%clk 0:02:57]} 69. Qf8 {[%clk 0:00:39]} Kh5 {[%clk 0:03:08]} 70. Qe8
{[%clk 0:00:43]} Kg5 {[%clk 0:03:24]} 71. Qc6 {[%clk 0:00:48]} Kh5
{[%clk 0:03:06]} 72. Qa8 {[%clk 0:00:58]} Rg4+ {[%clk 0:02:39]} 73. Kf3
{[%clk 0:01:01]} Rg3+ {[%clk 0:03:07]} 74. Kf2 {[%clk 0:00:41]} Kg5
{[%clk 0:02:18]} 75. Qh8 {[%clk 0:01:00]} Kg4 {[%clk 0:02:25]} 76. Qf6
{[%clk 0:00:36]} Kh3 {[%clk 0:02:11]} 77. Qe6+ {[%clk 0:00:54]} Kh2
{[%clk 0:02:40]} 78. Qd5 {[%clk 0:01:00]} g5 {[%clk 0:03:03]} 79. Qe5
{[%clk 0:00:52]} Kh1 {[%clk 0:03:19]} 80. Qa1+ {[%clk 0:00:54]} Kh2
{[%clk 0:03:45]} 81. Qe5 {[%clk 0:00:53]} Kh1 {[%clk 0:04:09]} 82. Qe1+
{[%clk 0:01:02]} Kh2 {[%clk 0:04:36]} 83. Qe4 {[%clk 0:01:25]} Rg1
{[%clk 0:04:25]} 84. Qe5+ {[%clk 0:01:20]} Rg3 {[%clk 0:04:49]} 85. Qb8
{[%clk 0:01:41]} Kh1 {[%clk 0:05:06]} 86. Qxg3 {[%clk 0:01:57]} 1/2-1/2

[Event "World Chess Olympiad 2018"]
[Site "Batumi"]
[Date "2018.09.30"]
[Round "6"]
[Board "4"]
[WhiteFideId "14105730"]
[White "Korobov Anton"]
[BlackFideId "1134167"]
[Black "Dragun Kamil"]
[Result "1/2-1/2"]
[LiveChessVersion "1.4.8"]
[BlackElo "2568"]
[WhiteElo "2685"]

1. c4 {[%clk 1:30:55]} e6 {[%clk 1:30:18]} 2. Nc3 {[%clk 1:31:11]} Bb4
{[%clk 1:26:12]} 3. e4 {[%clk 1:29:31]} Ne7 {[%clk 1:24:11]} 4. a3
{[%clk 1:08:06]} Bxc3 {[%clk 1:24:23]} 5. bxc3 {[%clk 1:08:32]} d6
{[%clk 1:23:23]} 6. Nf3 {[%clk 1:06:04]} b6 {[%clk 1:11:14]} 7. d4
{[%clk 1:01:22]} Bb7 {[%clk 1:11:01]} 8. Bd3 {[%clk 1:01:00]} Qd7
{[%clk 1:06:33]} 9. O-O {[%clk 0:58:20]} Nbc6 {[%clk 1:05:51]} 10. a4
{[%clk 0:53:19]} Na5 {[%clk 1:04:54]} 11. Ba3 {[%clk 0:44:52]} Ng6
{[%clk 1:01:12]} 12. g3 {[%clk 0:41:03]} c5 {[%clk 0:57:03]} 13. h4
{[%clk 0:37:50]} f6 {[%clk 0:50:14]} 14. h5 {[%clk 0:28:53]} Ne7 {[%clk 0:50:25]}
15. Nh4 {[%clk 0:28:43]} O-O-O {[%clk 0:40:12]} 16. d5 {[%clk 0:25:11]} Kb8
{[%clk 0:28:47]} 17. Re1 {[%clk 0:16:42]} Ba6 {[%clk 0:23:41]} 18. Qe2
{[%clk 0:16:41]} g6 {[%clk 0:22:49]} 19. Reb1 {[%clk 0:12:01]} Rc8
{[%clk 0:20:39]} 20. h6 {[%clk 0:10:36]} Rhe8 {[%clk 0:20:19]} 21. Ng2
{[%clk 0:10:15]} exd5 {[%clk 0:15:22]} 22. cxd5 {[%clk 0:10:34]} Bxd3
{[%clk 0:15:50]} 23. Qxd3 {[%clk 0:10:58]} f5 {[%clk 0:16:14]} 24. Re1
{[%clk 0:06:28]} fxe4 {[%clk 0:15:47]} 25. Rxe4 {[%clk 0:06:56]} Nf5
{[%clk 0:15:42]} 26. Rae1 {[%clk 0:07:15]} Rxe4 {[%clk 0:14:26]} 27. Rxe4
{[%clk 0:07:42]} Nxh6 {[%clk 0:13:58]} 28. Qe2 {[%clk 0:06:47]} Ng8
{[%clk 0:13:33]} 29. Nf4 {[%clk 0:05:26]} g5 {[%clk 0:13:44]} 30. Nh5
{[%clk 0:05:35]} Qf5 {[%clk 0:10:59]} 31. c4 {[%clk 0:04:53]} Nf6
{[%clk 0:08:08]} 32. Nxf6 {[%clk 0:05:07]} Qxf6 {[%clk 0:08:37]} 33. Bb2
{[%clk 0:05:17]} Qf5 {[%clk 0:09:06]} 34. g4 {[%clk 0:04:46]} Qd7
{[%clk 0:07:43]} 35. Bc3 {[%clk 0:02:58]} Qxa4 {[%clk 0:06:08]} 36. Kg2
{[%clk 0:03:13]} Qb3 {[%clk 0:03:55]} 37. Bxa5 {[%clk 0:02:16]} bxa5
{[%clk 0:04:24]} 38. Re3 {[%clk 0:02:17]} Qb4 {[%clk 0:02:51]} 39. Qa2
{[%clk 0:02:16]} a4 {[%clk 0:01:48]} 40. Ra3 {[%clk 0:32:22]} Rc7
{[%clk 0:31:15]} 41. Rxa4 {[%clk 0:29:23]} Qb7 {[%clk 0:24:17]} 42. Ra3
{[%clk 0:28:41]} Qc8 {[%clk 0:24:11]} 43. Qe2 {[%clk 0:28:53]} a6
{[%clk 0:22:28]} 44. Re3 {[%clk 0:28:45]} Ka7 {[%clk 0:22:22]} 45. Re6
{[%clk 0:28:32]} Rd7 {[%clk 0:22:06]} 46. Re8 {[%clk 0:22:29]} Qb7
{[%clk 0:21:57]} 47. Qe3 {[%clk 0:22:04]} a5 {[%clk 0:19:01]} 48. Qxg5
{[%clk 0:19:18]} a4 {[%clk 0:19:08]} 49. Qe3 {[%clk 0:17:07]} Rg7
{[%clk 0:14:35]} 50. Kh2 {[%clk 0:14:57]} Rf7 {[%clk 0:14:27]} 51. Qe1
{[%clk 0:12:53]} Qb6 {[%clk 0:12:26]} 52. Qe6 {[%clk 0:12:07]} Qc7
{[%clk 0:10:33]} 53. Qe3 {[%clk 0:10:34]} Qb6 {[%clk 0:08:49]} 54. Kg2
{[%clk 0:10:02]} Rg7 {[%clk 0:07:54]} 55. g5 {[%clk 0:09:36]} Qc7
{[%clk 0:07:07]} 56. f4 {[%clk 0:08:44]} Qb6 {[%clk 0:04:50]} 57. Qc3
{[%clk 0:03:15]} Rb7 {[%clk 0:05:02]} 58. Qh8 {[%clk 0:03:25]} Qb2+
{[%clk 0:02:00]} 59. Qxb2 {[%clk 0:03:52]} Rxb2+ {[%clk 0:02:25]} 60. Kf3
{[%clk 0:04:19]} Rb3+ {[%clk 0:02:15]} 61. Kg4 {[%clk 0:03:54]} a3
{[%clk 0:02:44]} 62. Re2 {[%clk 0:03:58]} Kb6 {[%clk 0:03:13]} 63. f5
{[%clk 0:03:50]} Ka5 {[%clk 0:03:36]} 64. f6 {[%clk 0:03:32]} Rb2
{[%clk 0:01:06]} 65. f7 {[%clk 0:02:22]} Rxe2 {[%clk 0:01:09]} 66. f8=Q
{[%clk 0:02:47]} a2 {[%clk 0:01:15]} 67. Qb8 {[%clk 0:01:52]} Ka4
{[%clk 0:01:24]} 68. Qxd6 {[%clk 0:01:53]} Re1 {[%clk 0:01:07]} 69. Qc6+
{[%clk 0:01:03]} Kb3 {[%clk 0:01:33]} 70. Qb5+ {[%clk 0:00:48]} Kc2
{[%clk 0:02:02]} 71. Qa4+ {[%clk 0:00:55]} Kb2 {[%clk 0:02:24]} 72. Qb5+
{[%clk 0:01:03]} Kc2 {[%clk 0:02:53]} 73. Qa4+ {[%clk 0:01:19]} Kb2
{[%clk 0:03:22]} 74. Qb5+ {[%clk 0:01:42]} Kc2 {[%clk 0:03:39]} 1/2-1/2

[Event "World Chess Olympiad 2018"]
[Site "Batumi"]
[Date "2018.09.30"]
[Round "6"]
[Board "1"]
[WhiteFideId "2805677"]
[White "Gelfand Boris"]
[BlackFideId "1202758"]
[Black "Nisipeanu Liviu-Dieter"]
[Result "1/2-1/2"]
[LiveChessVersion "1.4.8"]
[BlackElo "2661"]
[WhiteElo "2703"]

1. c4 {[%clk 1:30:58]} e6 {[%clk 1:30:47]} 2. Nc3 {[%clk 1:31:17]} d5
{[%clk 1:31:12]} 3. d4 {[%clk 1:31:44]} Nf6 {[%clk 1:31:36]} 4. cxd5
{[%clk 1:31:52]} exd5 {[%clk 1:31:59]} 5. Bg5 {[%clk 1:32:13]} Be7
{[%clk 1:32:23]} 6. e3 {[%clk 1:32:30]} O-O {[%clk 1:32:04]} 7. Bd3
{[%clk 1:32:29]} h6 {[%clk 1:30:38]} 8. Bh4 {[%clk 1:31:40]} Re8 {[%clk 1:30:55]}
9. Nge2 {[%clk 1:27:24]} b6 {[%clk 1:30:39]} 10. O-O {[%clk 1:20:46]} Bb7
{[%clk 1:31:04]} 11. Bg3 {[%clk 1:15:43]} a6 {[%clk 1:23:52]} 12. Qb3
{[%clk 1:06:48]} Nbd7 {[%clk 1:16:57]} 13. Nf4 {[%clk 1:03:25]} Bd6
{[%clk 0:47:07]} 14. Nfxd5 {[%clk 0:54:31]} Nxd5 {[%clk 0:47:21]} 15. Nxd5
{[%clk 0:54:45]} Bxg3 {[%clk 0:47:11]} 16. fxg3 {[%clk 0:45:19]} Nc5
{[%clk 0:40:53]} 17. Nf6+ {[%clk 0:44:41]} gxf6 {[%clk 0:39:40]} 18. dxc5
{[%clk 0:44:23]} Kg7 {[%clk 0:32:58]} 19. Bc4 {[%clk 0:35:57]} Re5
{[%clk 0:22:34]} 20. cxb6 {[%clk 0:25:47]} cxb6 {[%clk 0:22:46]} 21. Bxf7
{[%clk 0:22:12]} Qe7 {[%clk 0:22:00]} 22. Bc4 {[%clk 0:18:43]} b5
{[%clk 0:20:44]} 23. Bd3 {[%clk 0:18:54]} Rxe3 {[%clk 0:18:31]} 24. Rad1
{[%clk 0:15:15]} Qc5 {[%clk 0:17:57]} 25. Kh1 {[%clk 0:13:01]} Rd8
{[%clk 0:16:44]} 26. Qc2 {[%clk 0:11:47]} Qxc2 {[%clk 0:11:57]} 27. Bxc2
{[%clk 0:12:13]} Rxd1 {[%clk 0:12:22]} 28. Bxd1 {[%clk 0:11:35]} Rd3
{[%clk 0:12:46]} 29. Kg1 {[%clk 0:10:57]} Rd2 {[%clk 0:12:32]} 30. Bf3
{[%clk 0:11:22]} Bxf3 {[%clk 0:12:55]} 31. Rxf3 {[%clk 0:11:48]} Rxb2
{[%clk 0:12:49]} 32. Ra3 {[%clk 0:12:10]} b4 {[%clk 0:13:05]} 33. Rxa6
{[%clk 0:12:34]} b3 {[%clk 0:13:29]} 34. axb3 {[%clk 0:12:40]} Rb1+
{[%clk 0:13:47]} 35. Kf2 {[%clk 0:13:06]} Rb2+ {[%clk 0:14:09]} 36. Kf3
{[%clk 0:10:59]} Rxb3+ {[%clk 0:14:32]} 1/2-1/2

[Event "World Chess Olympiad 2018"]
[Site "Batumi"]
[Date "2018.09.30"]
[Round "6"]
[Board "2"]
[WhiteFideId "24651516"]
[White "Bluebaum Matthias"]
[BlackFideId "2806851"]
[Black "Rodshtein Maxim"]
[Result "1/2-1/2"]
[LiveChessVersion "1.4.8"]
[BlackElo "2674"]
[WhiteElo "2618"]

1. d4 {[%clk 1:30:56]} d5 {[%clk 1:30:34]} 2. c4 {[%clk 1:31:15]} c6
{[%clk 1:31:00]} 3. Nc3 {[%clk 1:30:55]} Nf6 {[%clk 1:31:14]} 4. e3
{[%clk 1:30:19]} e6 {[%clk 1:31:21]} 5. Nf3 {[%clk 1:30:23]} Nbd7
{[%clk 1:31:41]} 6. Be2 {[%clk 1:29:46]} Bd6 {[%clk 1:28:47]} 7. O-O
{[%clk 1:29:37]} O-O {[%clk 1:28:39]} 8. a4 {[%clk 1:28:26]} a5 {[%clk 1:26:51]}
9. Qc2 {[%clk 1:28:46]} Re8 {[%clk 1:26:00]} 10. Rd1 {[%clk 1:24:05]} Qe7
{[%clk 1:25:04]} 11. b3 {[%clk 1:19:33]} h6 {[%clk 1:11:08]} 12. h3
{[%clk 1:03:06]} b6 {[%clk 1:00:04]} 13. e4 {[%clk 0:57:58]} Nxe4
{[%clk 0:58:58]} 14. Nxe4 {[%clk 0:58:23]} dxe4 {[%clk 0:59:24]} 15. Qxe4
{[%clk 0:58:50]} Nf6 {[%clk 0:40:27]} 16. Qe3 {[%clk 0:51:36]} Bb7
{[%clk 0:36:55]} 17. Bb2 {[%clk 0:50:01]} c5 {[%clk 0:36:41]} 18. Ne5
{[%clk 0:46:48]} Rad8 {[%clk 0:34:37]} 19. Bf3 {[%clk 0:37:35]} Qc7
{[%clk 0:29:50]} 20. Bxb7 {[%clk 0:35:16]} Qxb7 {[%clk 0:30:15]} 21. Rd3
{[%clk 0:35:27]} cxd4 {[%clk 0:11:43]} 22. Bxd4 {[%clk 0:35:08]} Bc7
{[%clk 0:07:51]} 23. Rad1 {[%clk 0:32:35]} Rd6 {[%clk 0:07:58]} 24. Bb2
{[%clk 0:13:10]} Red8 {[%clk 0:07:52]} 25. Rxd6 {[%clk 0:11:36]} Rxd6
{[%clk 0:08:15]} 26. Rxd6 {[%clk 0:11:28]} Bxd6 {[%clk 0:08:40]} 27. Nd3
{[%clk 0:11:11]} Be7 {[%clk 0:05:16]} 28. Qd4 {[%clk 0:09:38]} Qe4
{[%clk 0:04:23]} 29. Kf1 {[%clk 0:08:47]} Kf8 {[%clk 0:03:04]} 30. Qxe4
{[%clk 0:06:33]} Nxe4 {[%clk 0:03:30]} 31. Bd4 {[%clk 0:07:00]} Nc5
{[%clk 0:02:36]} 32. Ke2 {[%clk 0:06:56]} f6 {[%clk 0:01:31]} 33. Bxc5
{[%clk 0:02:28]} bxc5 {[%clk 0:01:56]} 34. g4 {[%clk 0:01:59]} Kf7
{[%clk 0:01:59]} 35. f4 {[%clk 0:01:34]} Bd6 {[%clk 0:01:15]} 36. Kf3
{[%clk 0:01:39]} g6 {[%clk 0:01:23]} 37. Ke4 {[%clk 0:01:02]} f5+
{[%clk 0:01:19]} 38. gxf5 {[%clk 0:00:56]} gxf5+ {[%clk 0:01:44]} 39. Kf3
{[%clk 0:01:22]} Kf6 {[%clk 0:02:00]} 40. Ke3 {[%clk 0:31:36]} Ke7
{[%clk 0:31:46]} 41. Kf3 {[%clk 0:30:41]} Kf6 {[%clk 0:31:32]} 42. Ke3
{[%clk 0:30:25]} Ke7 {[%clk 0:31:55]} 1/2-1/2